[Event "Mediterranean op 10th"]
[Site "Rijeka"]
[Date "2018.11.24"]
[Round "1"]
[White "Cubric, Andrija"]
[Black "Beric, Zeljko"]
[Result "1/2-1/2"]
[WhiteElo "1543"]
[BlackElo "1988"]
[PlyCount "120"]
[EventDate "2018.11.24"]
[EventType "swiss"]
[EventRounds "9"]
[EventCountry "CRO"]
[SourceTitle "CBM 187 Extra"]
[Source "ChessBase"]
[SourceDate "2018.11.04"]
[SourceVersion "1"]
[SourceVersionDate "2018.11.04"]
[SourceQuality "1"]

1. d4 e6 2. e4 d5 3. Nd2 dxe4 4. Nxe4 Nf6 5. Bg5 Be7 6. Bxf6 Bxf6 7. Nxf6+ Qxf6 8. Nf3 0-0 9. c3 b6 10. Be2 Bb7 11. Qc2 Nd7 12. Bd3 h6 13. Be4 Bxe4 14. Qxe4 c5 15. Ne5 Nxe5 16. Qxe5 Qxe5+ 17. dxe5 Rad8 18. Ke2 Rd5 19. f4 g5 20. g3 Rfd8 21. Rad1 Kg7 22. Rxd5 Rxd5 23. Rd1 Kg6 24. Rxd5 exd5 25. Ke3 Kf5 26. h3 gxf4+ 27. gxf4 f6 28. exf6 Kxf6 29. a3 Kf5 30. b4 a5 31. bxa5 bxa5 32. a4 h5 33. Kf3 h4 34. Ke3 d4+ 35. cxd4 cxd4+ 36. Kxd4 Kxf4 37. Kd3 Kf3 38. Kd4 Kg3 39. Ke3 Kxh3 40. Kf3 Kh2 41. Kf2 h3 42. Kf1 Kg3 43. Kg1 Kh4 44. Kh1 Kg3 45. Kg1 Kf3 46. Kh2 Ke3 47. Kxh3 Kd3 48. Kg3 Kc3 49. Kf3 Kb3 50. Ke3 Kxa4 51. Kd2 Kb3 52. Kc1 Ka2 53. Kc2 a4 54. Kc1 Ka1 55. Kc2 Ka2 56. Kc1 Ka1 57. Kc2 Ka2 58. Kc1 Kb3 59. Kb1 a3 60. Ka1 a2 1/2-1/2

[Event "Rijeka Paris Memorial 39th"]
[Site "Rijeka"]
[Date "2018.11.06"]
[Round "6"]
[White "Podobnik, Eugen"]
[Black "Beric, Zeljko"]
[Result "0-1"]
[WhiteElo "1483"]
[BlackElo "1988"]
[PlyCount "100"]
[EventDate "2018.11.02"]
[EventType "swiss"]
[EventRounds "9"]
[EventCountry "CRO"]
[SourceTitle "CBM 187 Extra"]
[Source "ChessBase"]
[SourceDate "2018.11.04"]
[SourceVersion "1"]
[SourceVersionDate "2018.11.04"]
[SourceQuality "1"]

1. e4 c5 2. g3 Nc6 3. Bg2 g6 4. c3 Bg7 5. Nf3 d5 6. exd5 Qxd5 7. 0-0 Nf6 8. d4 Qh5 9. Nfd2 Qxd1 10. Rxd1 cxd4 11. Bxc6+ bxc6 12. cxd4 0-0 13. Nb3 Nd5 14. Nc3 Be6 15. Nc5 Nxc3 16. bxc3 Bd5 17. Bf4 h6 18. Re1 g5 19. Be5 f6 20. Bc7 Kf7 21. a4 Rfc8 22. Ba5 e5 23. dxe5 fxe5 24. Rab1 Kg8 25. Rb7 Rf8 26. Reb1 e4 27. Nd7 Rf7 28. Nc5 Raf8 29. Nd7 Re8 30. Nc5 Ree7 31. Rxe7 Rxe7 32. Rb8+ Kh7 33. Rb7 Rxb7 34. Nxb7 Bb3 35. Nc5 Bc2 36. Kf1 Bf8 37. Bb4 a5 38. Ba3 Bxc5 39. Bxc5 Bxa4 40. Bb6 Bb5+ 41. Ke1 a4 42. Bc5 Kg6 43. Kd2 Kf5 44. Ke3 Ke5 45. f4+ exf3 46. Kxf3 Kd5 47. Ba3 Kc4 48. Bb4 Kb3 49. Bf8 a3 50. Bg7 Bc4 0-1

[Event "Rijeka Paris Memorial 39th"]
[Site "Rijeka"]
[Date "2018.11.04"]
[Round "3"]
[White "Beric, Zeljko"]
[Black "Skrbec, Leon"]
[Result "1/2-1/2"]
[WhiteElo "1988"]
[BlackElo "1781"]
[PlyCount "102"]
[EventDate "2018.11.02"]
[EventType "swiss"]
[EventRounds "9"]
[EventCountry "CRO"]
[SourceTitle "CBM 187 Extra"]
[Source "ChessBase"]
[SourceDate "2018.11.04"]
[SourceVersion "1"]
[SourceVersionDate "2018.11.04"]
[SourceQuality "1"]

1. e4 c6 2. d4 d5 3. Nc3 dxe4 4. Nxe4 Bf5 5. Ng3 Bg6 6. Bc4 e6 7. N1e2 Bd6 8. 0-0 Nf6 9. f4 0-0 10. f5 exf5 11. Nxf5 Bxf5 12. Rxf5 Nbd7 13. Bf4 Nb6 14. Bb3 Nbd5 15. Bxd6 Qxd6 16. Bxd5 Nxd5 17. Qd3 Rae8 18. Rf3 Qg6 19. Qxg6 hxg6 20. Nf4 Nxf4 21. Rxf4 Re2 22. Rf2 Rfe8 23. Kf1 R2e4 24. Rd1 f6 25. Rfd2 Kf7 26. d5 cxd5 27. Rxd5 R8e7 28. Rd7 Rf4+ 29. Kg1 Rfe4 30. Rxe7+ Kxe7 31. Kf2 Ra4 32. a3 Rc4 33. Rd2 g5 34. Ke2 b5 35. c3 Rc6 36. Rd5 a6 37. Kd3 g6 38. b3 Ke6 39. Rd8 g4 40. Kd4 Rd6+ 41. Rxd6+ Kxd6 42. b4 f5 43. c4 bxc4 44. Kxc4 Ke5 45. a4 f4 46. Kd3 Kd5 47. b5 axb5 48. axb5 Kc5 49. Ke4 g5 50. h4 gxh3 51. gxh3 Kxb5 1/2-1/2

[Event "Rijeka Paris Memorial 39th"]
[Site "Rijeka"]
[Date "2018.11.04"]
[Round "4"]
[White "Troselj, Ivan"]
[Black "Beric, Zeljko"]
[Result "1-0"]
[WhiteElo "1757"]
[BlackElo "1988"]
[PlyCount "104"]
[EventDate "2018.11.02"]
[EventType "swiss"]
[EventRounds "9"]
[EventCountry "CRO"]
[SourceTitle "CBM 187 Extra"]
[Source "ChessBase"]
[SourceDate "2018.11.04"]
[SourceVersion "1"]
[SourceVersionDate "2018.11.04"]
[SourceQuality "1"]

1. e4 c5 2. Nc3 Nc6 3. g3 g6 4. Bg2 Bg7 5. d3 e6 6. f4 Nge7 7. Nf3 0-0 8. 0-0 d5 9. e5 f6 10. Qe1 Nf5 11. exf6 Bxf6 12. Ne2 d4 13. Qf2 Nb4 14. Ne1 Nd5 15. Bxd5 exd5 16. Ng2 Re8 17. g4 Ne3 18. Nxe3 dxe3 19. Qf3 d4 20. Ng3 Bh4 21. Ne4 Rxe4 22. dxe4 Be6 23. b3 b6 24. f5 gxf5 25. gxf5 Bf7 26. f6 Kh8 27. Kh1 Qd6 28. Bxe3 dxe3 29. Qxe3 Bxf6 30. Rad1 Qe5 31. Rf5 Qe7 32. Qf3 Bg6 33. e5 Rd8 34. Rxd8+ Qxd8 35. Rxf6 Kg7 36. Rd6 Qg5 37. Qf6+ Qxf6 38. exf6+ Kf7 39. c3 Bb1 40. a3 b5 41. Kg2 a5 42. b4 axb4 43. axb4 cxb4 44. cxb4 Bf5 45. Rd5 Be4+ 46. Kf2 Bxd5 47. Ke3 Kxf6 48. Kf4 Bc4 49. h3 h6 50. Kg4 Kg6 51. Kh4 Be6 52. Kg3 Bxh3 1-0

[Event "Rijeka Paris Memorial 38th"]
[Site "Rijeka"]
[Date "2017.11.06"]
[Round "4"]
[White "Beric, Zeljko"]
[Black "Pavlovic, Ranko"]
[Result "1-0"]
[WhiteElo "1950"]
[BlackElo "2114"]
[PlyCount "79"]
[EventDate "2017.11.04"]
[EventType "swiss"]
[EventRounds "9"]
[EventCountry "CRO"]
[SourceTitle "CBM 181 Extra"]
[Source "ChessBase"]
[SourceDate "2017.12.12"]
[SourceVersion "1"]
[SourceVersionDate "2017.12.12"]
[SourceQuality "1"]

1. d4 e6 2. c4 f5 3. g3 Nf6 4. Bg2 c6 5. Nf3 Be7 6. 0-0 0-0 7. b3 Ne4 8. Ba3 Bxa3 9. Nxa3 d6 10. Qd3 Nd7 11. Nd2 Nxd2 12. Qxd2 Nf6 13. Nb1 e5 14. Nc3 e4 15. f3 d5 16. cxd5 cxd5 17. g4 exf3 18. exf3 fxg4 19. fxg4 Bxg4 20. Qg5 Be6 21. Rae1 h6 22. Qh4 Bf7 23. Re5 Rc8 24. Qg3 Qb6 25. Ne2 Rfe8 26. Kh1 Red8 27. Ref5 Kf8 28. Nf4 Qxd4 29. Ng6+ Bxg6 30. Qxg6 Rc6 31. R5f4 Qb6 32. Bh3 Kg8 33. Bf5 Rc7 34. Bd3 Rf8 35. Rxf6 Qxf6 36. Qh7+ Kf7 37. Rxf6+ Kxf6 38. Qf5+ Ke7 39. Qe5+ Kd8 40. Qd6+ 1-0

[Event "Rijeka Paris Memorial 38th"]
[Site "Rijeka"]
[Date "2017.11.04"]
[Round "1"]
[White "Troselj, Ivan"]
[Black "Beric, Zeljko"]
[Result "0-1"]
[WhiteElo "1568"]
[BlackElo "1950"]
[PlyCount "58"]
[EventDate "2017.11.04"]
[EventType "swiss"]
[EventRounds "9"]
[EventCountry "CRO"]
[SourceTitle "CBM 181 Extra"]
[Source "ChessBase"]
[SourceDate "2017.12.12"]
[SourceVersion "1"]
[SourceVersionDate "2017.12.12"]
[SourceQuality "1"]

1. e4 e5 2. Nf3 Nc6 3. Nc3 Nf6 4. d4 exd4 5. Nxd4 Bb4 6. Nxc6 bxc6 7. Bd3 d5 8. exd5 cxd5 9. 0-0 0-0 10. Bg5 c6 11. Qf3 Be7 12. Rae1 Be6 13. Qe2 Rb8 14. b3 Bb4 15. Qe5 Ng4 16. Qf4 Qa5 17. Rxe6 fxe6 18. Qxg4 Bxc3 19. Qxe6+ Kh8 20. Qh3 g6 21. Bxg6 Rb7 22. Bd3 Bd4 23. Bh6 Rxf2 24. Kh1 Rxf1+ 25. Bxf1 Qd8 26. Qg4 Bg7 27. Bxg7+ Rxg7 28. Qe6 Qf8 29. Bd3 Re7 0-1

[Event "Mediterranean op 9th"]
[Site "Rijeka"]
[Date "2017.02.16"]
[Round "7"]
[White "Levar, Nenad"]
[Black "Beric, Zeljko"]
[Result "0-1"]
[WhiteElo "2011"]
[BlackElo "1916"]
[PlyCount "68"]
[EventDate "2017.02.11"]
[EventType "swiss"]
[EventRounds "9"]
[EventCountry "CRO"]
[SourceTitle "CBM 177 Extra"]
[Source "ChessBase"]
[SourceDate "2017.04.27"]
[SourceVersion "1"]
[SourceVersionDate "2017.04.27"]
[SourceQuality "1"]

1. d4 e6 2. c4 f5 3. Nc3 Nf6 4. e3 b6 5. Bd3 Bb7 6. f3 c5 7. Nge2 cxd4 8. exd4 Be7 9. 0-0 0-0 10. Be3 Nc6 11. Rc1 Rc8 12. a3 Bd6 13. b4 Ne7 14. Qd2 Ng6 15. c5 Bb8 16. Bc4 d5 17. Bd3 Qc7 18. g3 bxc5 19. bxc5 Bc6 20. Rb1 Qd7 21. Qc2 h5 22. Kg2 h4 23. g4 Qc7 24. Rxb8 Rxb8 25. gxf5 h3+ 26. Kxh3 exf5 27. Bxf5 Bd7 28. Rg1 Nh5 29. Bxd7 Qxd7+ 30. Kg2 Nh4+ 31. Kh1 Nxf3 32. Rd1 Qh3 33. Bg1 Ne1 34. Nf4 Ng3# 0-1

[Event "Mediterranean op 9th"]
[Site "Rijeka"]
[Date "2017.02.15"]
[Round "6"]
[White "Beric, Zeljko"]
[Black "Cvitan, Ena"]
[Result "1/2-1/2"]
[WhiteElo "1916"]
[BlackElo "2081"]
[PlyCount "54"]
[EventDate "2017.02.11"]
[EventType "swiss"]
[EventRounds "9"]
[EventCountry "CRO"]
[SourceTitle "CBM 177 Extra"]
[Source "ChessBase"]
[SourceDate "2017.04.27"]
[SourceVersion "1"]
[SourceVersionDate "2017.04.27"]
[SourceQuality "1"]

1. e4 c6 2. d4 d5 3. Nc3 dxe4 4. Nxe4 Bf5 5. Ng3 Bg6 6. Bc4 e6 7. N1e2 Bd6 8. 0-0 Nd7 9. f4 Ne7 10. Bd3 Qc7 11. Ne4 Bxe4 12. Bxe4 0-0-0 13. c4 c5 14. Kh1 Nf6 15. Bf3 cxd4 16. Qxd4 Bc5 17. Qc3 Nf5 18. b4 Bd4 19. Nxd4 Rxd4 20. c5 Rhd8 21. Qa3 Kb8 22. Bb2 Rxf4 23. g3 Rc4 24. Qb3 Nxg3+ 25. hxg3 Qxg3 26. Qxc4 Rd2 27. Be2 Qh3+ 1/2-1/2

[Event "Mediterranean op 8th"]
[Site "Rijeka"]
[Date "2015.12.11"]
[Round "8"]
[White "Zezelj, Milan"]
[Black "Beric, Zeljko"]
[Result "1/2-1/2"]
[WhiteElo "1980"]
[BlackElo "1891"]
[PlyCount "42"]
[EventDate "2015.12.05"]
[EventType "swiss"]
[EventRounds "9"]
[EventCountry "CRO"]
[SourceTitle "CBM 169 Extra"]
[Source "ChessBase"]
[SourceDate "2015.12.18"]
[SourceVersion "1"]
[SourceVersionDate "2015.12.18"]
[SourceQuality "1"]

1. e4 e5 2. Nf3 Nc6 3. Bc4 Nf6 4. d4 exd4 5. Ng5 d5 6. exd5 Qe7+ 7. Kf1 Ne5 8. Qxd4 Nxc4 9. Qxc4 Qc5 10. Qxc5 Bxc5 11. Nc3 0-0 12. Nce4 Nxe4 13. Nxe4 Bb6 14. Bf4 Bf5 15. f3 Rfe8 16. Re1 f6 17. g4 Bxe4 18. fxe4 Re7 19. Kg2 Rae8 20. Kf3 Bd4 21. c3 Be5 1/2-1/2

[Event "Mediterranean op 8th"]
[Site "Rijeka"]
[Date "2015.12.10"]
[Round "7"]
[White "Duda, Daniel"]
[Black "Beric, Zeljko"]
[Result "0-1"]
[WhiteElo "1646"]
[BlackElo "1891"]
[PlyCount "86"]
[EventDate "2015.12.05"]
[EventType "swiss"]
[EventRounds "9"]
[EventCountry "CRO"]
[SourceTitle "CBM 169 Extra"]
[Source "ChessBase"]
[SourceDate "2015.12.18"]
[SourceVersion "1"]
[SourceVersionDate "2015.12.18"]
[SourceQuality "1"]

1. d4 Nf6 2. c4 e5 3. dxe5 Ng4 4. Nf3 Bc5 5. e3 Nc6 6. Be2 0-0 7. 0-0 Ngxe5 8. Nc3 a5 9. b3 d6 10. Bb2 Bf5 11. Nd4 Bc8 12. Ne4 Bb6 13. f4 Nxd4 14. exd4 Nd7 15. Bd3 f5 16. Ng5 Nf6 17. Qc2 h6 18. Nf3 Ne4 19. Bxe4 fxe4 20. Qxe4 c6 21. Qc2 Rxf4 22. c5 Bc7 23. Rae1 Bg4 24. Bc1 Rf6 25. Nd2 d5 26. Nf3 Bxf3 27. Rxf3 Rxf3 28. gxf3 Qf6 29. Qd3 Bxh2+ 30. Kg2 Qh4 31. Kf1 Qh3+ 32. Ke2 Re8+ 33. Kd1 Rxe1+ 34. Kxe1 Bg3+ 35. Kd1 Qe6 36. Bd2 h5 37. Bxa5 h4 38. Qe2 Qf5 39. Kc1 h3 40. Bd2 h2 41. Qf1 Bf4 42. Qe1 Bxd2+ 43. Kxd2 Qxf3 0-1

[Event "Mediterranean op 8th"]
[Site "Rijeka"]
[Date "2015.12.09"]
[Round "6"]
[White "Beric, Zeljko"]
[Black "Zoricic, Marijan"]
[Result "0-1"]
[WhiteElo "1891"]
[BlackElo "2053"]
[PlyCount "58"]
[EventDate "2015.12.05"]
[EventType "swiss"]
[EventRounds "9"]
[EventCountry "CRO"]
[SourceTitle "CBM 169 Extra"]
[Source "ChessBase"]
[SourceDate "2015.12.18"]
[SourceVersion "1"]
[SourceVersionDate "2015.12.18"]
[SourceQuality "1"]

1. e4 e5 2. Nf3 Nc6 3. Bb5 Nf6 4. Nc3 d6 5. d4 exd4 6. Nxd4 Bd7 7. 0-0 Be7 8. b3 0-0 9. Bb2 Re8 10. h3 Bf8 11. Bxc6 bxc6 12. Qf3 c5 13. Nf5 Bxf5 14. Qxf5 a6 15. Rae1 Qd7 16. Qf4 c6 17. Re3 Re6 18. Ne2 d5 19. e5 d4 20. Rd3 Rae8 21. exf6 Rxe2 22. Rg3 g6 23. h4 R2e4 24. Qd2 Rxh4 25. f4 Qf5 26. Rg5 Qxf6 27. f5 Bh6 28. Re1 Rxe1+ 29. Qxe1 Qxg5 0-1

[Event "Mediterranean op 8th"]
[Site "Rijeka"]
[Date "2015.12.05"]
[Round "1"]
[White "Beric, Zeljko"]
[Black "Loncar, Robert"]
[Result "0-1"]
[WhiteElo "1891"]
[BlackElo "2374"]
[PlyCount "104"]
[EventDate "2015.12.05"]
[EventType "swiss"]
[EventRounds "9"]
[EventCountry "CRO"]
[SourceTitle "CBM 169 Extra"]
[Source "ChessBase"]
[SourceDate "2015.12.18"]
[SourceVersion "1"]
[SourceVersionDate "2015.12.18"]
[SourceQuality "1"]

1. e4 e5 2. Nf3 Nc6 3. Bb5 a6 4. Ba4 Nf6 5. 0-0 Be7 6. Re1 b5 7. Bb3 d6 8. c3 0-0 9. h3 Nb8 10. d4 Nbd7 11. Nbd2 Bb7 12. Bc2 Re8 13. Nf1 Bf8 14. Ng3 g6 15. Bg5 h6 16. Bd2 Bg7 17. Qc1 Kh7 18. d5 c6 19. dxc6 Bxc6 20. h4 d5 21. h5 dxe4 22. hxg6+ fxg6 23. Nxe4 Nxe4 24. Bxe4 Bxe4 25. Rxe4 Nc5 26. Rh4 Nd3 27. Qc2 Ra7 28. Bg5 Qd6 29. Qd2 h5 30. Be3 Rd7 31. Ng5+ Kg8 32. Qc2 Qd5 33. Ne4 Qf7 34. Ng5 Qd5 35. Ne4 Red8 36. Bh6 Qf7 37. Bxg7 Kxg7 38. g3 Qf3 39. Rf1 Qf5 40. Qe2 Rf7 41. Rd1 Rfd7 42. Rf1 Rd5 43. Qe3 Nxb2 44. g4 Qf4 45. Ng5 Qf6 46. gxh5 Rd3 47. h6+ Kh8 48. Qc1 Rd2 49. Rg4 Qf5 50. Rg2 Rd1 51. Qxb2 Rxf1+ 52. Kxf1 Rd1+ 0-1

[Event "CRO-chT2 West"]
[Site "Croatia"]
[Date "2015.10.25"]
[Round "8.4"]
[White "Beric, Zeljko"]
[Black "Fattorich, Igor"]
[Result "0-1"]
[WhiteElo "1896"]
[BlackElo "1990"]
[PlyCount "70"]
[EventDate "2015.02.21"]
[EventType "team-tourn"]
[EventRounds "9"]
[EventCountry "CRO"]
[SourceTitle "EXT 2017"]
[Source "ChessBase"]
[SourceDate "2016.10.25"]
[SourceVersion "1"]
[SourceVersionDate "2016.10.25"]
[SourceQuality "1"]
[WhiteTeam "Rijeka Rijeka II"]
[BlackTeam "Rovinj Batana"]
[WhiteTeamCountry "CRO"]
[BlackTeamCountry "CRO"]

1. e4 Nc6 2. d4 d6 3. Nc3 g6 4. Be3 Bg7 5. Qd2 e5 6. dxe5 Nxe5 7. 0-0-0 Be6 8. h3 h6 9. f4 Nc4 10. Bxc4 Bxc4 11. Nf3 Ne7 12. Bd4 f6 13. e5 Nf5 14. exf6 Bxf6 15. Rhe1+ Kf7 16. Bxf6 Qxf6 17. g4 Ne7 18. Ne4 Qg7 19. Nxd6+ cxd6 20. Rxe7+ Kxe7 21. Qxd6+ Kf7 22. Qc7+ Kg8 23. Rd7 Bf7 24. Ne5 Rf8 25. Qxb7 Qf6 26. Qe4 Re8 27. b3 g5 28. Qf5 Qxf5 29. gxf5 gxf4 30. Nxf7 f3 31. f6 f2 32. Nxh6+ Rxh6 33. f7+ Kf8 34. fxe8Q+ Kxe8 35. Rd1 Re6 0-1

[Event "Kastav Summer op"]
[Site "Kastav"]
[Date "2015.08.22"]
[Round "7"]
[White "Dasic, Jelena"]
[Black "Beric, Zeljko"]
[Result "1/2-1/2"]
[WhiteElo "1728"]
[BlackElo "1901"]
[PlyCount "92"]
[EventDate "2015.08.19"]
[EventType "swiss"]
[EventRounds "9"]
[EventCountry "CRO"]
[SourceTitle "EXT 2016"]
[Source "ChessBase"]
[SourceDate "2015.10.08"]
[SourceVersion "1"]
[SourceVersionDate "2015.10.08"]
[SourceQuality "1"]

1. e4 e5 2. Nf3 Nc6 3. Bb5 a6 4. Ba4 Nf6 5. d3 b5 6. Bb3 Be7 7. c3 0-0 8. 0-0 d5 9. exd5 Nxd5 10. Qe2 Bf6 11. c4 Ndb4 12. Rd1 Na5 13. Nc3 Bf5 14. Ne4 bxc4 15. dxc4 Qe7 16. Nxf6+ Qxf6 17. Qxe5 Qxe5 18. Nxe5 Nxb3 19. axb3 Bc2 20. Rd7 Rfe8 21. Bf4 f6 22. Nf3 Nd3 23. Be3 Rad8 24. Rxd8 Rxd8 25. Nd4 Nb4 26. h3 Be4 27. Ne6 Rd6 28. Nxc7 Rc6 29. Ra4 Rxc7 30. Rxb4 Rb7 31. Rxb7 Bxb7 32. Kf1 Kf7 33. g3 Ke6 34. Ke2 Bg2 35. h4 Be4 36. Kd2 h5 37. Bb6 g5 38. Ke3 Bc2 39. b4 gxh4 40. gxh4 Kd7 41. Bd4 Ke6 42. c5 Ba4 43. Kd3 Kf5 44. Be3 Ke6 45. Ke4 Bc6+ 46. Kf4 Bd5 1/2-1/2

[Event "Kastav Summer op"]
[Site "Kastav"]
[Date "2015.08.21"]
[Round "6"]
[White "Beric, Zeljko"]
[Black "Safar, Sandro"]
[Result "0-1"]
[WhiteElo "1901"]
[BlackElo "1847"]
[PlyCount "78"]
[EventDate "2015.08.19"]
[EventType "swiss"]
[EventRounds "9"]
[EventCountry "CRO"]
[SourceTitle "EXT 2016"]
[Source "ChessBase"]
[SourceDate "2015.10.08"]
[SourceVersion "1"]
[SourceVersionDate "2015.10.08"]
[SourceQuality "1"]

1. e4 c5 2. Nf3 Nc6 3. d4 cxd4 4. Nxd4 g6 5. Nc3 Bg7 6. Be3 Nf6 7. Qd2 Ng4 8. Nxc6 bxc6 9. Bd4 0-0 10. Bxg7 Kxg7 11. f3 Nf6 12. e5 Ne8 13. 0-0-0 d5 14. h4 f6 15. h5 g5 16. f4 fxe5 17. fxg5 Bf5 18. Bd3 e6 19. h6+ Kg8 20. g6 hxg6 21. h7+ Kh8 22. Qh6 Qe7 23. Rdf1 e4 24. g4 exd3 25. gxf5 exf5 26. Qxg6 Qe3+ 27. Kb1 dxc2+ 28. Kxc2 Ng7 29. Rfg1 Qe7 30. Kb1 Rf6 31. Qg5 Re8 32. Ne2 d4 33. Nf4 c5 34. a3 c4 35. Rh6 Ref8 36. Ng6+ Rxg6 37. Qxe7 Rxg1+ 38. Ka2 Re8 39. Qxa7 Ree1 0-1

[Event "Kastav Summer op"]
[Site "Kastav"]
[Date "2015.08.20"]
[Round "4"]
[White "Petrovic, David"]
[Black "Beric, Zeljko"]
[Result "0-1"]
[WhiteElo "1562"]
[BlackElo "1901"]
[PlyCount "48"]
[EventDate "2015.08.19"]
[EventType "swiss"]
[EventRounds "9"]
[EventCountry "CRO"]
[SourceTitle "EXT 2016"]
[Source "ChessBase"]
[SourceDate "2015.10.08"]
[SourceVersion "1"]
[SourceVersionDate "2015.10.08"]
[SourceQuality "1"]

1. e4 d5 2. exd5 Qxd5 3. Nc3 Qd6 4. Bc4 Nf6 5. d4 a6 6. Nf3 Bg4 7. h3 Bh5 8. Be3 Nc6 9. Be2 0-0-0 10. 0-0 h6 11. Qd2 g5 12. Rfd1 e6 13. Ne5 Nxe5 14. dxe5 Qxd2 15. Rxd2 Rxd2 16. Bxd2 Bxe2 17. Nxe2 Nd7 18. Ng3 Bg7 19. f4 gxf4 20. Bxf4 Bxe5 21. Rf1 Bxb2 22. Ne4 f5 23. Nd2 Bd4+ 24. Kh2 e5 0-1

[Event "Kastav Summer op"]
[Site "Kastav"]
[Date "2015.08.19"]
[Round "1"]
[White "Beric, Zeljko"]
[Black "Garic, Vlado"]
[Result "1-0"]
[WhiteElo "1901"]
[BlackElo "1497"]
[PlyCount "69"]
[EventDate "2015.08.19"]
[EventType "swiss"]
[EventRounds "9"]
[EventCountry "CRO"]
[SourceTitle "EXT 2016"]
[Source "ChessBase"]
[SourceDate "2015.10.08"]
[SourceVersion "1"]
[SourceVersionDate "2015.10.08"]
[SourceQuality "1"]

1. e4 e5 2. Nf3 Nc6 3. Bc4 Bc5 4. b4 Bxb4 5. c3 Ba5 6. d4 exd4 7. 0-0 dxc3 8. Qb3 h6 9. Bxf7+ Kf8 10. Bh5 Qe7 11. Ba3 d6 12. e5 Be6 13. Qxb7 Nf6 14. exf6 Qxf6 15. Qxa8+ Nd8 16. Ne5 Bf5 17. Nc6 Kg8 18. Qxd8+ Qxd8 19. Nxd8 g6 20. Nc6 Bb6 21. Ne7+ Kg7 22. Nxf5+ gxf5 23. Nxc3 Bd4 24. Rac1 a6 25. Nd5 c5 26. Rfd1 Rb8 27. Rxd4 cxd4 28. Bxd6 Rb2 29. Rc7+ Kh8 30. Be5+ Kg8 31. g4 Rb5 32. Rg7+ Kf8 33. Rf7+ Kg8 34. Nf6+ Kh8 35. Rh7# 1-0

[Event "CRO-chT2 West"]
[Site "Croatia"]
[Date "2015.02.21"]
[Round "1.4"]
[White "Beric, Zeljko"]
[Black "Krsovnik, Emil"]
[Result "0-1"]
[WhiteElo "1896"]
[BlackElo "2071"]
[PlyCount "120"]
[EventDate "2015.02.21"]
[EventType "team-tourn"]
[EventRounds "9"]
[EventCountry "CRO"]
[SourceTitle "EXT 2016"]
[Source "ChessBase"]
[SourceDate "2015.10.08"]
[SourceVersion "1"]
[SourceVersionDate "2015.10.08"]
[SourceQuality "1"]
[WhiteTeam "Rijeka Rijeka II"]
[BlackTeam "Rijeka Kvarner"]
[WhiteTeamCountry "CRO"]
[BlackTeamCountry "CRO"]

1. e4 e5 2. Nf3 Nc6 3. Bb5 a6 4. Ba4 Nf6 5. 0-0 Be7 6. Re1 b5 7. Bb3 0-0 8. h3 d6 9. c3 Na5 10. Bc2 c5 11. d4 Qc7 12. Nbd2 Re8 13. Nf1 Bf8 14. Bg5 Be7 15. Ne3 Nc4 16. Nxc4 bxc4 17. d5 Rb8 18. b3 h6 19. Be3 a5 20. bxc4 Ba6 21. Ba4 Nd7 22. Qe2 Rf8 23. Rab1 Nb6 24. Bb5 Bc8 25. a4 f5 26. exf5 Bxf5 27. Rbd1 Bf6 28. Nh2 Qf7 29. Ng4 Qg6 30. Kh1 Bg5 31. Bxg5 Qxg5 32. f3 Bxg4 33. fxg4 Rf6 34. Rf1 Rbf8 35. Rxf6 Qxf6 36. Qd2 Qf2 37. Qxf2 Rxf2 38. Rb1 Kf8 39. Kg1 Ra2 40. Be8 Kxe8 41. Rxb6 Rxa4 42. Rxd6 Rxc4 43. Re6+ Kd7 44. Rxe5 a4 45. g5 h5 46. Re6 a3 47. Ra6 Rxc3 48. Kf2 h4 49. Ke2 Rg3 50. Kf2 Rxg5 51. Rxa3 Kd6 52. Ra4 Rf5+ 53. Ke3 g5 54. Kd3 Kxd5 55. Rg4 Ke5 56. g3 Rf3+ 57. Ke2 Rxg3 58. Rxg3 hxg3 59. Kf3 c4 60. Kxg3 c3 0-1

[Event "CRO-chT2 West"]
[Site "Croatia"]
[Date "2014.11.15"]
[Round "7.34"]
[White "Beric, Zeljko"]
[Black "Ciganovic, Nikola"]
[Result "0-1"]
[WhiteElo "1883"]
[BlackElo "2241"]
[PlyCount "42"]
[EventDate "2014.03.15"]
[EventType "team-tourn"]
[EventRounds "9"]
[EventCountry "CRO"]
[SourceTitle "EXT 2019"]
[Source "ChessBase"]
[SourceDate "2018.10.10"]
[SourceVersion "1"]
[SourceVersionDate "2018.10.10"]
[SourceQuality "1"]
[WhiteTeam "Rijeka CC II"]
[BlackTeam "Pula"]
[WhiteTeamCountry "CRO"]
[BlackTeamCountry "CRO"]

1. e4 e5 2. f4 exf4 3. Nf3 Ne7 4. d4 d5 5. Bd3 Nbc6 6. c3 Bg4 7. Bxf4 Ng6 8. Bg3 dxe4 9. Bxe4 Bd6 10. Bxd6 Qxd6 11. 0-0 0-0 12. Nbd2 Rae8 13. Qc2 f5 14. Bd3 Nf4 15. Bc4+ Kh8 16. Ng5 Ne2+ 17. Bxe2 Rxe2 18. Rf2 Qe7 19. Rxe2 Qxe2 20. Ngf3 Bxf3 21. gxf3 Rf6 0-1

[Event "Mediterranean op 7th"]
[Site "Rijeka"]
[Date "2014.11.15"]
[Round "9"]
[White "Beric, Zeljko"]
[Black "Monjac, Mislav"]
[Result "1/2-1/2"]
[WhiteElo "1897"]
[BlackElo "2139"]
[PlyCount "43"]
[EventDate "2014.11.08"]
[EventType "swiss"]
[EventRounds "9"]
[EventCountry "CRO"]
[SourceTitle "CBM 163 Extra"]
[Source "ChessBase"]
[SourceDate "2014.12.23"]
[SourceVersion "1"]
[SourceVersionDate "2014.12.23"]
[SourceQuality "1"]

1. e4 c5 2. Nf3 d6 3. d4 cxd4 4. Nxd4 Nf6 5. Nc3 Nc6 6. Bg5 h6 7. Bxf6 gxf6 8. Qd2 Bd7 9. 0-0-0 Rc8 10. Bc4 Nxd4 11. Qxd4 Qa5 12. Bb3 Qc5 13. Qd2 h5 14. h3 h4 15. Kb1 Bh6 16. Qe2 e6 17. e5 Qxe5 18. Qd3 Rxc3 19. bxc3 Bf8 20. Rhe1 Qb5 21. Qd4 Be7 22. Qxa7 1/2-1/2

[Event "Mediterranean op 7th"]
[Site "Rijeka"]
[Date "2014.11.10"]
[Round "4"]
[White "Beric, Zeljko"]
[Black "Radikovic, Anamarija"]
[Result "1-0"]
[WhiteElo "1897"]
[BlackElo "1394"]
[PlyCount "59"]
[EventDate "2014.11.08"]
[EventType "swiss"]
[EventRounds "9"]
[EventCountry "CRO"]
[SourceTitle "CBM 163 Extra"]
[Source "ChessBase"]
[SourceDate "2014.12.23"]
[SourceVersion "1"]
[SourceVersionDate "2014.12.23"]
[SourceQuality "1"]

1. e4 e5 2. f4 d6 3. Nf3 Bg4 4. Bc4 Nf6 5. d3 Nc6 6. 0-0 Qd7 7. Nc3 0-0-0 8. Bb5 g6 9. fxe5 dxe5 10. Be3 Re8 11. Qe1 Bg7 12. h3 Bxf3 13. Rxf3 a6 14. Ba4 h5 15. Qf2 Rhf8 16. Rxf6 Bxf6 17. Qxf6 Re6 18. Qg7 b5 19. Qxf8+ Re8 20. Qg7 bxa4 21. Rf1 Nd8 22. Nd5 Qe6 23. Rf6 Qd7 24. Rxa6 Qb5 25. Ra8+ Kb7 26. Ra7+ Kb8 27. Nxc7 Ne6 28. Qxf7 Nd8 29. Na6+ Qxa6 30. Qc7# 1-0